MDQL
is popping MORE tags! Check the
thread
!
Quizzes
Events
Quiz Creation
Community
Videos
Private Events
Remove Ads
Sign In
Join for FREE
Feedback
Dark Mode
Quiz Categories
Sports
Geography
Music
Movies
Television
Just For Fun
Miscellaneous
History
Literature
Language
Science
Gaming
Entertainment
Religion
Holiday
For Kids
Quiz Lab
Recent
Popular Today
Quiz Kudos Today
Editor Picks
Curator Picks
Quizzes by...
Day
Popularity
Type
Ratings
Length
Year
Community
Subscriptions
Recent Discussions
Orange Saloon
Badges
Playlists
Quests
Create
Leaderboards
Showdown
Live 5
Trivia Bingo
Activity
Puzzle Library
Sporcle Events
Private Events
Virtual Trivia
Globe League
Become a Host
Pub Owners
SporcleCon
Opinionation
Our Games
Videos
Blog
Mobile Apps
Partnerships
Remove Ads and Go Orange
Feedback
Sports
Athletes
MLB
NBA
NHL
NFL
Soccer
Sports Teams
WWE
NCAA
Football
Premier League
Basketball
Baseball
Hockey
Golf
Tennis
Cricket
Rugby
Auto Racing
Olympics
World Cup
Sports
Athletes
MLB
NBA
NHL
NFL
Soccer
Sports Teams
WWE
NCAA
Football
Premier League
Basketball
Baseball
Hockey
Golf
Tennis
Cricket
Rugby
Auto Racing
Olympics
World Cup
Random Quiz
Search Sporcle
×
Quiz Lab
Quiz Lab
Sports
Jay
Type in answers that appear in a list
Type in answers that appear in a list
Classic
Best Score? Go Orange.
Jay Lethal PPV Opponents Stats
Can you name the Jay Lethal PPV Opponents?
By
TheDynasty0
15m
145 Questions
85 Plays
85 Plays
85 Plays
Comments
Comments
Give Quiz Kudos
Give Quiz Kudos
-
- Ratings
hide this ad
Replay
Link that replays current quiz
Next Quiz
Link to next quiz in quiz playlist
You Got
0%
They Got
Avg Score
70%
Avg Friend Score
Upgrade to see
Score Distribution
Jump to the score distribution portion of the page
Score
0/145
Timer
15:00
0
Plays Today
PPV
Opponent
% Correct
TNA Slammiversary VIII 2010
AJ Styles
91.8%
TNA Victory Road 2007
Christopher Daniels
90.6%
TNA Hard Justice 2007
Christopher Daniels
90.6%
TNA Bound for Glory 2007
Christopher Daniels
90.6%
TNA Lockdown 2008
Christopher Daniels
90.6%
TNA Bound for Glory IV 2008
Christopher Daniels
90.6%
TNA Final Resolution 2008
Christopher Daniels
90.6%
TNA Hard Justice 2009 (Winner)
Christopher Daniels
90.6%
TNA Final Resolution 2009
Samoa Joe
90.6%
TNA Lockdown 2007
Chris Sabin
89.4%
TNA Sacrifice 2007
Chris Sabin
89.4%
TNA Slammiversary 2007
Chris Sabin
89.4%
TNA Hard Justice 2007
Chris Sabin
89.4%
TNA Bound for Glory IV 2008
Chris Sabin
89.4%
TNA Final Resolution 2008
Chris Sabin
89.4%
TNA Genesis 2009
Robert Roode
89.4%
TNA Against All Odds 2009
Robert Roode
89.4%
TNA Destination X 2009
Chris Sabin
89.4%
TNA Sacrifice 2009
Chris Sabin
89.4%
TNA Slammiversary 2009
Chris Sabin
89.4%
TNA Final Resolution 2009
Robert Roode
89.4%
TNA Lockdown 2011
Chris Sabin
89.4%
TNA Victory Road 2007
Kazarian
88.2%
TNA Sacrifice 2008 (Winner)
Kazarian
88.2%
TNA Genesis 2009
James Storm
88.2%
TNA Against All Odds 2009
James Storm
88.2%
TNA Final Resolution 2009
James Storm
88.2%
TNA Genesis 2011
Kazarian
88.2%
TNA Against All Odds 2006
Alex Shelley
87.1%
TNA Destination X 2006
Alex Shelley
87.1%
TNA Slammiversary 2006
Alex Shelley
87.1%
TNA Victory Road 2006
Alex Shelley
87.1%
TNA Turning Point 2006
Alex Shelley
87.1%
TNA Lockdown 2007
Alex Shelley
87.1%
TNA Hard Justice 2007
Alex Shelley
87.1%
TNA Bound for Glory IV 2008
Alex Shelley
87.1%
TNA Bound for Glory IV 2008
Eric Young
87.1%
TNA Turning Point 2008 (Winner)
Eric Young
87.1%
TNA Final Resolution 2008
Alex Shelley
87.1%
TNA Destination X 2009
Alex Shelley
87.1%
TNA Sacrifice 2009
Alex Shelley
87.1%
TNA Slammiversary 2009
Alex Shelley
87.1%
TNA Final Resolution 2009
Eric Young
87.1%
TNA No Surrender 2007
Kurt Angle
85.9%
TNA Genesis 2009
Abyss
83.5%
TNA Slammiversary 2006
Senshi
81.2%
TNA Hard Justice 2006
Senshi
81.2%
TNA Turning Point 2006
Senshi
81.2%
TNA Victory Road 2007
Senshi
81.2%
PPV
Opponent
% Correct
TNA Hard Justice 2007
Senshi
81.2%
TNA Turning Point 2007
Brother Ray
81.2%
TNA Turning Point 2007
Brother Devon
81.2%
TNA Final Resolution 2008
Brother Ray
81.2%
TNA Final Resolution 2008
Brother Devon
81.2%
TNA Against All Odds 2008
Brother Ray
81.2%
TNA Against All Odds 2008
Brother Devon
81.2%
TNA Against All Odds 2006
Petey Williams
80%
TNA Sacrifice 2006 (Winner)
Petey Williams
80%
TNA Slammiversary 2006
Petey Williams
80%
TNA Slammiversary 2006
Sonjay Dutt
80%
TNA Victory Road 2006
Kevin Nash
80%
TNA Hard Justice 2006
Petey Williams
80%
TNA No Surrender 2006
Petey Williams
80%
TNA Turning Point 2006
Sonjay Dutt
80%
TNA Lockdown 2007
Sonjay Dutt
80%
TNA Sacrifice 2007
Sonjay Dutt
80%
TNA Victory Road 2007
Petey Williams
80%
TNA Victory Road 2007
Sonjay Dutt
80%
TNA Genesis 2007
Sonjay Dutt
80%
TNA Destination X 2008
Petey Williams
80%
TNA Lockdown 2008
Sonjay Dutt
80%
TNA Victory Road 2008
Sonjay Dutt
80%
TNA Hard Justice 2008
Sonjay Dutt
80%
TNA No Surrender 2008
Sonjay Dutt
80%
TNA Bound for Glory IV 2008
Sonjay Dutt
80%
TNA Bound for Glory IV 2008
Petey Williams
80%
TNA Final Resolution 2008
Sonjay Dutt
80%
TNA Final Resolution 2009
Kevin Nash
80%
TNA Victory Road 2010
Ric Flair
77.6%
TNA Bound for Glory 2010
Douglas Williams
77.6%
TNA Victory Road 2007
Homicide
76.5%
TNA Final Resolution 2008
Homicide
76.5%
TNA Final Resolution 2009
Homicide
76.5%
TNA Slammiversary 2006
Shark Boy
71.8%
TNA Bound For Glory 2006 (Winner)
Austin Starr
71.8%
TNA Turning Point 2006
Austin Starr
71.8%
TNA Lockdown 2007
Shark Boy
71.8%
TNA Victory Road 2007
Shark Boy
71.8%
TNA Lockdown 2008
Shark Boy
71.8%
TNA Bound for Glory IV 2008
Shark Boy
71.8%
TNA Final Resolution 2008
Hernandez
71.8%
TNA Final Resolution 2008
Shark Boy
71.8%
TNA Final Resolution 2009
Hernandez
71.8%
TNA Bound for Glory IV 2008
Jimmy Rave
68.2%
TNA Final Resolution 2008
Jimmy Rave
68.2%
TNA Lockdown 2008
Consequences Creed
67.1%
TNA Final Resolution 2008
Consequences Creed
67.1%
TNA Destination X 2009
Consequences Creed
67.1%
PPV
Opponent
% Correct
TNA Lockdown 2009
Consequences Creed
67.1%
TNA Slammiversary 2009
Consequences Creed
67.1%
TNA Final Resolution 2009
Consequences Creed
67.1%
TNA Lockdown 2011
The Amazing Red
62.4%
TNA Final Resolution 2008
Lance Hoyt
61.2%
TNA Destination X 2009
Suicide
61.2%
TNA Lockdown 2009
Suicide
61.2%
TNA Slammiversary 2009
Suicide
61.2%
TNA Lockdown 2011
Suicide
61.2%
TNA Victory Road 2007
Elix Skipper
60%
ROH Death before Dishonor IX 2011
Rhino
56.5%
ROH Best in the World 2012
Roderick Strong
56.5%
TNA Turning Point 2007
Johnny Devine
55.3%
TNA Final Resolution 2008
Johnny Devine
55.3%
TNA Against All Odds 2008
Johnny Devine
55.3%
TNA Lockdown 2008
Johnny Devine
55.3%
TNA Bound for Glory IV 2008
Johnny Devine
55.3%
TNA Genesis 2009
Matt Morgan
55.3%
TNA Final Resolution 2008
BG James
51.8%
TNA Final Resolution 2008
Kip James
51.8%
TNA Final Resolution 2009
Rob Terry
50.6%
TNA Lockdown 2009
Sheik Abdul Bashir
44.7%
TNA Sacrifice 2009
Sheik Abdul Bashir
44.7%
TNA Final Resolution 2009
Sheik Abdul Bashir
44.7%
TNA Against All Odds 2006
Matt Bentley
42.4%
TNA Lockdown 2011
Brian Kendrick
42.4%
TNA Turning Point 2010
Robbie E
40%
TNA Final Resolution 2010
Robbie E
40%
TNA Lockdown 2011
Robbie E
40%
TNA Lockdown 2011
Max Buck
40%
TNA Lockdown 2011
Jeremy Buck
40%
TNA Genesis 2006
Andy Douglas
36.5%
TNA Lockdown 2009
Kiyoshi
35.3%
TNA Final Resolution 2009
Kiyoshi
35.3%
ROH Final Battle 2011
El Generico
34.1%
TNA Genesis 2006
Chase Stevens
30.6%
TNA Final Resolution 2009
Cody Deaner
30.6%
ROH Best in the World 2011
Mike Bennett
29.4%
ROH Final Battle 2011
Mike Bennett
29.4%
ROH Death before Dishonor IX 2011
Tommaso Ciampa
25.9%
ROH 10th Anniversary Show 2012
Tommaso Ciampa
25.9%
ROH Border Wars 2012
Tommaso Ciampa
25.9%
ROH Best in the World 2012
Tommaso Ciampa
25.9%
TNA Victory Road 2007
Puma
24.7%
TNA Lockdown 2006
Black Tiger IV
18.8%
TNA Lockdown 2006
Hirooki Goto
18.8%
TNA Lockdown 2006
Minoru Tanaka
17.6%
Quiz Playlist
Details
Report
Send in Message
Add To Playlist
Classic:
Type in answers that appear in a list
Last Updated: Feb 16, 2017
Quiz Scoreboard
CHALLENGE
Sign Up to Join the Scoreboard
Show All
Scores
Hide
Comments
May contain spoilers
Recently Published
Two Season TV Shows II
by 123Four
Television
10m
Image Sorting: Flags VI
by Barbecue
Geography
2m
Find the 'City' Movie
by crazypaving
Movies
60s
More to Explore
Quiz From the Vault
Featured Blog Post
14 Easter Pick-up Lines to Find Eggs With
hide this ad
You Might Also Like...
Tags
Jay
lethal
opponent
PPV
PPV Opponents
Today's Top Quizzes in Sports
Browse Sports
hide this ad
Today's Top Quizzes in Jay
Browse Jay
Top Contributed Quizzes in Sports
1
Les meilleurs buteurs des matchs entre le PSG et l’OM
2
Les entraîneurs de l'OM et du PSG au 21e siècle
3
2022 World Cup Stars
4
Les joueurs passés par le PSG et l'OM
5
Players with Multiple 50 Home Run Seasons
6
FIFA Club World Cup Champions
7
Criteria MLB: Left Handed Sluggers
8
Les joueurs passés par le LOSC et le RC Lens
9
Top 10 NHL Goal Scorers of All Time
10
MLB Players with Two .350 Batting Average Seasons
Explore More
Trending Topics
NBA
Anime
Marvel
Harry Potter
Crossword
Kpop
Disney
The Office
Pokémon
NFL
Puzzle
Soccer
WWE
Song
Country
hide this ad
More By:
TheDynasty0
Quiz
Plays
Rating
Category
Featured
Created
Seattle Mariners Opening Day Starting Pitchers
19,059
4.49
Sports
Apr 6, 2012
Toronto Blue Jays Opening Day Starting Pitchers
15,934
4.69
Sports
Apr 5, 2012
Daniel Bryan WWE PPV Opponents
5,940
4.31
Sports
Jul 19, 2012
Wrestlers who have had a WWE Championship PPV Match
5,146
4.58
Sports
Sep 8, 2012
2013 PWI 500 (Top 100)
3,865
4.31
Sports
Aug 22, 2013
Go to Creator's Profile
Score Distribution
Quiz Creator Spotlight
TheDynasty0
Follow
Send a Message
Quizzes Created
-
Created Quiz Play Count
-
More By This Creator
Popular Quizzes Today
1
Find the US States - No Outlines Minefield
2
Colored Red Africa Blitz
3
Find the 'City' Movie
4
5x2 Blitz: Bands
5
The Countries of the World
6
Find the Countries of Europe - No Outlines Minefield
7
Find the US States
8
US States
More Sports Quizzes
European Domestic Cup Winners
Quiz Lab
Trending Quizzes
Colored Red Europe Blitz I
Colored Red Africa Blitz II
Colored Red Europe Blitz II
Colored Red Africa Blitz III
Colored Red Europe Blitz III
Recently Updated
How Do You Spell That?
pecheneg
Godzilla Movies
pecheneg
Grab Bag: 4-10 Letters
pecheneg
2024 March Madness Bracket
pecheneg
Famous TV Couples
Peacemaker
Champions League XIs: Real Madrid
pecheneg
Largest US Cities 1790-2010
pecheneg
Rides in Walt Disney World
pecheneg
Most Oscar Losses (Acting)
pecheneg
Beyoncé Albums
pecheneg
Trending Topics
Harry Potter
Disney
Kpop
Crossword
Marvel
Anime
NBA
The Office
Song
Pokémon
Puzzle
Country
WWE
NFL
Soccer
Your Account Isn't Verified!
In order to create a playlist on Sporcle, you need to verify the email address you used during registration. Go to your
Sporcle Settings
to finish the process.
Report this User
Report this user for behavior that violates our
Community Guidelines
.
Details:
Send Report
Go to the Sporcle.com Mobile Site →
Comments